Every NBA Team’s GOAT - Statistics

General Stats
  • This quiz has been taken 132 times
  • The average score is 24 of 30
Answer Stats
Team Player % Correct
Cleveland Cavaliers LeBron James
96%
Boston Celtics Larry Bird
95%
Chicago Bulls Michael Jordan
95%
Milwaukee Bucks Kareem Abdul-Jabbar
92%
Oklahoma City Thunder Kevin Durant
90%
Orlando Magic Shaquille O’Neal
90%
Dallas Mavericks Dirk Nowitzki
89%
Los Angeles Lakers Magic Johnson
89%
Golden State Warriors Wilt Chamberlain
88%
Miami Heat Dwyane Wade
86%
Houston Rockets Hakeem Olajuwon
86%
Minnesota Timberwolves Kevin Garnett
85%
San Antonio Spurs Tim Duncan
84%
Detroit Pistons Isiah Thomas
81%
Indiana Pacers Reggie Miller
81%
Los Angeles Clippers Chris Paul
80%
Utah Jazz Karl Malone
80%
New York Knicks Patrick Ewing
80%
Philadelphia 76ers Allen Iverson
79%
Atlanta Hawks Dominique Wilkins
78%
Pheonix Suns Steve Nash
78%
Toronto Raptors Vince Carter
75%
New Orleans Pelicans Anthony Davis
73%
Portland Trail Blazers Clyde Drexler
73%
Memphis Grizzlies Marc Gasol
69%
Charlotte Hornets Kemba Walker
68%
Brooklyn Nets Jason Kidd
67%
Denver Nuggets Carmelo Anthony
66%
Sacramento Kings Oscar Robertson
64%
Washington Wizards Wes Unseld
59%
No matching quizzes found
Score Distribution
Percent of People with Each Score
Percentile by Number Answered
Your Score History
You have not taken this quiz